The birds and other stories

Αποθηκεύτηκε σε:
Λεπτομέρειες βιβλιογραφικής εγγραφής
Κύριοι συγγραφείς: Jones, Lewis, Du Maurier, Daphne 1907-1989 (Συγγραφέας)
Μορφή: Βιβλίο
Γλώσσα:English
Δημοσίευση: Harlow, Essex : Longman, 1973
Σειρά:Longman structural readers ; ; Stage 4
Θέματα:
Ετικέτες: Προσθήκη ετικέτας
Δεν υπάρχουν, Καταχωρήστε ετικέτα πρώτοι!

MARC

LEADER 00000nam a2200000 i 4500
001 1/50954
008 960329s1973 eng d
020 |a 058253822X 
035 |l 10027091 
040 |a GR-MY-UA  |b gre  |e aacr 
041 0 |a eng 
082 0 |a 428.64 
100 1 |a Jones, Lewis. 
245 1 4 |a The birds and other stories /  |c Lewis Jones, Daphne du Maurier 
260 |a Harlow, Essex :   |b Longman,   |c 1973 
300 |a 86 p. 
490 1 |a Longman structural readers  |v ; Stage 4 
500 |a Abridged and simplified by Lewis Jones 
650 0 0 |a English language  |x Readers. 
650 0 0 |a English language  |v Textbooks for foreign speakers. 
700 1 |a Du Maurier, Daphne  |d 1907-1989.  |4 aut  |4 aut 
830 0 |a Longman structural readers ;  |v ; Stage 4 
852 |a INST  |b CHIOS  |e 19960329  |h 428.64 JON  |p 005200004943  |q 005200004943  |t BK  |y 0 
909 |a Χ  |b 004837